000 01043cam a22002893 4500
001 ca 10001580
003 DLC
005 20260227111052.0
007 cr |||||||||||
008 070530s1899 nyu 000 0 eng
010 _aca 10001580
040 _aDLC
_cDLC
_dDLC
043 _an-us---
050 0 0 _aHX15
_b.P4 vol. 1, no. 2
245 0 0 _aTerritorial expansion.
_bII. Growth of socialism in America ...
246 3 0 _aGrowth of socialism in America
260 _aNew York,
_bSocialistic co-operative publ. ass'n.,
_c1899
300 _a24 p.
_c24 cm.
490 0 _aThe people library ;
_vvol. 1, no. 2 January, 1899
500 _aCover-title.
500 _aTerritorial expansion, p. 1-12, signed: Lucien Sanial.
530 _aAlso available in digital form on the Library of Congress Web site.
650 0 _aSocialism
_zUnited States.
700 1 _aSanial, L.
_q(Lucien),
_d1836-
856 4 1 _3PDF
_uhttp://hdl.loc.gov/loc.gdc/scd0001.20071207003so.1
856 4 1 _3Page view
_uhttp://hdl.loc.gov/loc.gdc/scd0001.20071207003so.2
999 _c14201
_d14201